[Event "Gibraltar Masters 2019"]
[Site "Caleta ENG"]
[Date "2019.01.24"]
[Round "3"]
[White "Aronian, Levon"]
[Black "Cuenca Jimenez, Jose Fernando"]
[Result "1-0"]
[WhiteElo "2767"]
[BlackElo "2512"]
[PlyCount "103"]
[EventDate "2019.01.22"]

1. e4 e5 2. Nf3 Nc6 3. Bb5 a6 4. Ba4 Nf6 5. O-O Be7 6. d3 b5 7. Bb3 d6 8. a4
Bg4 9. c3 Na5 10. Bc2 c5 11. h3 Bxf3 12. Qxf3 O-O 13. Nd2 b4 14. cxb4 cxb4 15.
Nb3 Nc6 16. Be3 Ne8 17. d4 Bg5 18. Rfd1 Bxe3 19. Qxe3 a5 20. dxe5 Nxe5 21. Nd4
Qb6 22. Bb3 Nf6 23. Nf5 Qxe3 24. Nxe3 Ra6 25. f3 Nfd7 26. Bc4 Nxc4 27. Nxc4 Nc5
28. Rd5 Nb7 29. Rb5 Ra7 30. Rd1 Rc8 31. b3 f6 32. Kh2 Kf8 33. Rdd5 Rc7 34. Kg3
Ke7 35. Nxa5 Nxa5 36. Rxa5 Rxa5 37. Rxa5 Rc3 38. Ra7+ Kf8 39. Kf4 Rxb3 40. Kf5
Kg8 41. h4 Rc3 42. h5 b3 43. h6 Rc5+ 44. Ke6 Re5+ 45. Kxd6 gxh6 46. Rb7 Rg5 47.
Rxb3 Rxg2 48. Ra3 Kf7 49. a5 Rd2+ 50. Kc5 Ke6 51. a6 Rc2+ 52. Kb6 1-0

[Event "Gibraltar Masters 2019"]
[Site "Caleta ENG"]
[Date "2019.01.24"]
[Round "3"]
[White "Arizmendi Martinez, Julen Luis"]
[Black "Naiditsch, Arkadij"]
[Result "0-1"]
[WhiteElo "2506"]
[BlackElo "2734"]
[PlyCount "114"]
[EventDate "2019.01.22"]

1. e4 e5 2. Nf3 Nc6 3. Bb5 a6 4. Ba4 Nf6 5. O-O Be7 6. Re1 b5 7. Bb3 d6 8. c3
O-O 9. h3 Nd7 10. d4 Bf6 11. Bd5 Bb7 12. dxe5 dxe5 13. Nbd2 Nb6 14. Nb3 Qc8 15.
Nc5 Rd8 16. Bg5 Nxd5 17. exd5 Ne7 18. Bxf6 gxf6 19. Ne4 Nxd5 20. Nh4 Kg7 21.
Qf3 Nf4 22. Qg3+ Kh8 23. Nxf6 Qe6 24. Ng4 Rd3 25. f3 Rg8 26. Kh2 Rd5 27. Re3 h5
28. Qxf4 exf4 29. Rxe6 fxe6 30. Nf6 Rd2 31. Nxg8 Kxg8 32. a4 Kf7 33. axb5 axb5
34. Ra7 Bd5 35. Rxc7+ Kf6 36. b3 Bxb3 37. Rc5 Rd5 38. Rc8 Bc4 39. g4 Bf1 40.
Rh8 hxg4 41. hxg4 Rc5 42. Rh6+ Kf7 43. Rh7+ Kg8 44. Rb7 Rxc3 45. g5 Rc2+ 46.
Kg1 Bd3 47. Rb8+ Kf7 48. Rb7+ Kf8 49. Rb8+ Ke7 50. g6 Rc5 51. Kf2 Rg5 52. Ng2
e5 53. Ne1 Bc4 54. Nc2 Rxg6 55. Na3 Rd6 56. Nxb5 Rd2+ 57. Kg1 Bd5 0-1

[Event "Gibraltar Masters 2019"]
[Site "Caleta ENG"]
[Date "2019.01.24"]
[Round "3"]
[White "Vitiugov, Nikita"]
[Black "Tan, Zhongyi"]
[Result "1-0"]
[WhiteElo "2720"]
[BlackElo "2502"]
[PlyCount "85"]
[EventDate "2019.01.22"]

1. c4 e6 2. Nc3 d5 3. d4 Be7 4. cxd5 exd5 5. Bf4 c6 6. e3 Bf5 7. Nge2 Nd7 8. h4
h5 9. Ng3 Bg6 10. Bd3 Bxd3 11. Qxd3 g6 12. e4 dxe4 13. Ngxe4 Ngf6 14. Nd6+ Bxd6
15. Bxd6 Nb6 16. Qe3+ Kd7 17. Be5 Re8 18. Qh3+ Re6 19. O-O Ke7 20. Rae1 Kf8 21.
Kh1 Nc4 22. f4 Nd6 23. Bxd6+ Qxd6 24. Rxe6 fxe6 25. Qd3 Kf7 26. Ne4 Nxe4 27.
Qxe4 Rd8 28. Re1 Qd5 29. Qe3 Rd6 30. f5 Qxf5 31. Re2 Qg4 32. Rf2+ Ke7 33. Rf4
Qd1+ 34. Kh2 Rd5 35. Qa3+ c5 36. Qxa7 Qc1 37. Qxb7+ Rd7 38. Rf7+ Kxf7 39. Qxd7+
Kf6 40. Qd8+ Kf5 41. Qc7 c4 42. Qe5+ Kg4 43. Qxe6+ 1-0

[Event "Gibraltar Masters 2019"]
[Site "Caleta ENG"]
[Date "2019.01.24"]
[Round "3"]
[White "Ivanchuk, Vassily"]
[Black "Sosa, Tomas ARG"]
[Result "1-0"]
[WhiteElo "2713"]
[BlackElo "2499"]
[PlyCount "53"]
[EventDate "2019.01.22"]

1. d4 d5 2. c4 e6 3. Nc3 Bb4 4. cxd5 exd5 5. Bf4 Nf6 6. e3 c5 7. dxc5 O-O 8.
Nf3 Ne4 9. Qc2 Qa5 10. Bd3 Nxc3 11. O-O Ne4 12. a3 Qxc5 13. axb4 Qxc2 14. Bxc2
Nc6 15. b5 Nb4 16. Bb1 Bd7 17. Rd1 Nc5 18. Nd4 g6 19. Bc7 b6 20. Rxa7 Rxa7 21.
Bxb6 Ra1 22. Bxc5 Nd3 23. Bxf8 Nxb2 24. Rc1 Kxf8 25. b6 Ra8 26. b7 Rd8 27. Nc6
1-0

[Event "Gibraltar Masters 2019"]
[Site "Caleta ENG"]
[Date "2019.01.24"]
[Round "3"]
[White "Yu, Yangyi"]
[Black "Vega Gutierrez, Sabrina"]
[Result "1-0"]
[WhiteElo "2764"]
[BlackElo "2390"]
[PlyCount "81"]
[EventDate "2019.01.22"]

1. d4 d5 2. Nf3 c6 3. c4 e6 4. Nbd2 f5 5. g3 Nf6 6. Bg2 Bd6 7. Ne5 O-O 8. O-O
Qe7 9. Qc2 Nbd7 10. Nd3 b6 11. b4 a5 12. c5 bxc5 13. bxc5 Bc7 14. Qa4 Nb8 15.
Nf3 Ba6 16. Bg5 Bb5 17. Qc2 a4 18. Rfb1 Na6 19. e3 Rfb8 20. Bf1 Qe8 21. Bxf6
gxf6 22. a3 Ba5 23. Rb2 Nc7 24. Rab1 Kf7 25. Nh4 Bc4 26. Qxa4 Rxb2 27. Nxb2
Bxf1 28. Rxf1 Bc3 29. Qb3 Bxb2 30. Qxb2 Nb5 31. Ra1 Ra4 32. Ng2 Qa8 33. Qe2
Rxa3 34. Rxa3 Qxa3 35. Qh5+ Kg7 36. Nf4 Nc7 37. Qh4 Qb3 38. Kg2 Qd1 39. Nh5+
Kg6 40. Nxf6 h5 41. Nd7 1-0

[Event "Gibraltar Masters 2019"]
[Site "Caleta ENG"]
[Date "2019.01.24"]
[Round "3"]
[White "Seeman, Tarvo"]
[Black "Nakamura, Hikaru"]
[Result "0-1"]
[WhiteElo "2386"]
[BlackElo "2749"]
[PlyCount "86"]
[EventDate "2019.01.22"]

1. Nf3 d5 2. g3 Nf6 3. Bg2 e6 4. O-O Be7 5. d3 b6 6. e4 dxe4 7. dxe4 Qxd1 8.
Rxd1 Bb7 9. e5 Nfd7 10. Nc3 a6 11. Bf4 h6 12. h4 Nf8 13. h5 Nbd7 14. Nd4 O-O-O
15. g4 Nb8 16. Bxb7+ Kxb7 17. Ne4 Nfd7 18. Kg2 b5 19. a4 Nc5 20. Nxc5+ Bxc5 21.
Nb3 Bb6 22. axb5 axb5 23. Kf3 Nc6 24. c3 Rdf8 25. Bg3 f6 26. exf6 gxf6 27. Re1
e5 28. Nd2 Rhg8 29. Ne4 Ne7 30. Rad1 f5 31. gxf5 Nxf5 32. Kg2 Bxf2 33. Kxf2
Nxg3+ 34. Ke3 Nxe4 35. Kxe4 Rg5 36. Rd7 Rxh5 37. Rh7 Rf2 38. b4 Rf4+ 39. Kd5
Rc4 40. Rxe5 Rxe5+ 41. Kxe5 Rxc3 42. Rxh6 Rc4 43. Kd5 c6+ 0-1

[Event "Gibraltar Masters 2019"]
[Site "Caleta ENG"]
[Date "2019.01.24"]
[Round "3"]
[White "Mamedov, Rauf"]
[Black "Blesic, Vaso"]
[Result "1-0"]
[WhiteElo "2703"]
[BlackElo "2390"]
[PlyCount "53"]
[EventDate "2019.01.22"]

1. e4 c6 2. d4 d5 3. exd5 cxd5 4. Bd3 Nc6 5. c3 Nf6 6. Bf4 g6 7. Nf3 Bg7 8. O-O
O-O 9. h3 Bf5 10. Re1 Bxd3 11. Qxd3 Qb6 12. Nbd2 Qxb2 13. Reb1 Qa3 14. Rxb7
Rfc8 15. Rab1 Bf8 16. R7b2 Na5 17. Rc2 Qa4 18. Ne5 Nd7 19. Rb4 Nxe5 20. dxe5
Qc6 21. Rb5 Nc4 22. Rxd5 e6 23. Rd4 Na3 24. Rb2 Bc5 25. Rd7 Bb6 26. Ne4 Rd8 27.
Qf3 1-0

[Event "Gibraltar Masters 2019"]
[Site "Caleta ENG"]
[Date "2019.01.24"]
[Round "3"]
[White "Hedman, Erik"]
[Black "Matlakov, Maxim"]
[Result "1/2-1/2"]
[WhiteElo "2378"]
[BlackElo "2700"]
[PlyCount "76"]
[EventDate "2019.01.22"]

1. d4 Nf6 2. c4 e6 3. Nf3 b6 4. g3 Ba6 5. Nbd2 d5 6. Bg2 Be7 7. O-O O-O 8. b3
c5 9. dxc5 bxc5 10. Ne5 Bb7 11. cxd5 exd5 12. Bb2 Na6 13. Rc1 Rc8 14. Re1 Re8
15. a3 Nc7 16. Rc2 Ne6 17. Qc1 a5 18. a4 Bf8 19. e3 Rc7 20. Qa1 h5 21. Rd1 h4
22. Ndf3 hxg3 23. hxg3 Ne4 24. Nd2 N4g5 25. f4 Nh7 26. Ndc4 Nf6 27. Nxa5 Ba8
28. Nac4 d4 29. exd4 cxd4 30. Bxa8 Qxa8 31. Ba3 Bxa3 32. Qxa3 Ne4 33. Rg2 Rd8
34. Qb2 Nc3 35. Re1 Nc5 36. Qc2 Nd5 37. Rh2 Nf6 38. Qf5 Qa6 1/2-1/2

[Event "Gibraltar Masters 2019"]
[Site "Caleta ENG"]
[Date "2019.01.25"]
[Round "4"]
[White "Deac, Bogdan-Daniel"]
[Black "Navara, David"]
[Result "0-1"]
[WhiteElo "2603"]
[BlackElo "2738"]
[PlyCount "96"]
[EventDate "2019.01.22"]

1. Nf3 c5 2. c4 Nc6 3. d4 cxd4 4. Nxd4 Nf6 5. Nc3 e6 6. a3 Be7 7. e4 O-O 8. Nf3
Qc7 9. Be2 b6 10. O-O Bb7 11. Bg5 Ne5 12. Nd2 Ng6 13. Be3 Rad8 14. Rc1 Bc5 15.
Bxc5 bxc5 16. b4 Nf4 17. Bf3 Nd3 18. Rb1 Ne5 19. Be2 d5 20. Nb5 Qc6 21. cxd5
exd5 22. bxc5 Qxc5 23. Nb3 Qe7 24. Qd4 a6 25. Qc5 Rfe8 26. Nc3 d4 27. Qxe7 Rxe7
28. Rfd1 Nxe4 29. Nxe4 Bxe4 30. Rbc1 d3 31. Bf1 g5 32. f3 Bg6 33. Rc3 Rb7 34.
h4 Rdb8 35. Nd2 h6 36. hxg5 hxg5 37. Rc5 f6 38. Ra5 Rb6 39. Ra4 Kg7 40. Kf2 Rb2
41. Kg3 Rc2 42. f4 gxf4+ 43. Kxf4 Bh5 44. Nf3 Rf2 45. Ke3 Bxf3 46. gxf3 Rxf3+
47. Ke4 Rh8 48. Rxa6 Rh1 0-1

[Event "Gibraltar Masters 2019"]
[Site "Caleta ENG"]
[Date "2019.01.25"]
[Round "4"]
[White "Aronian, Levon"]
[Black "Khademalsharieh, Sarasadat"]
[Result "1/2-1/2"]
[WhiteElo "2767"]
[BlackElo "2468"]
[PlyCount "73"]
[EventDate "2019.01.22"]

1. c4 Nf6 2. Nc3 e6 3. e4 d5 4. cxd5 exd5 5. e5 Ne4 6. Nf3 Bf5 7. d3 Nxc3 8.
bxc3 c5 9. d4 Nc6 10. Bd3 Bxd3 11. Qxd3 cxd4 12. Nxd4 Nxd4 13. cxd4 Bb4+ 14.
Ke2 Qd7 15. Rb1 Be7 16. Qb5 Rd8 17. Be3 O-O 18. Rhc1 Qg4+ 19. Kf1 Rd7 20. Qa4
f6 21. e6 Qxe6 22. Qxa7 b5 23. Qa5 b4 24. Bd2 Qe4 25. Qb5 Rfd8 26. Bxb4 Bxb4
27. Qxb4 Ra8 28. a4 Rda7 29. Ra1 Qf4 30. g3 Qf3 31. Kg1 h5 32. Rc3 Qg4 33. h4
Rxa4 34. Rxa4 Qd1+ 35. Kh2 Rxa4 36. Qb5 Rxd4 37. Qd7 1/2-1/2

[Event "Gibraltar Masters 2019"]
[Site "Caleta ENG"]
[Date "2019.01.25"]
[Round "4"]
[White "Vocaturo, Daniele"]
[Black "Vachier-Lagrave, Maxime"]
[Result "1/2-1/2"]
[WhiteElo "2626"]
[BlackElo "2780"]
[PlyCount "80"]
[EventDate "2019.01.22"]

1. e4 c5 2. Nf3 d6 3. d4 cxd4 4. Nxd4 Nf6 5. Nc3 a6 6. Bc4 e6 7. Bb3 Nbd7 8.
O-O Nc5 9. Qe1 Be7 10. Bg5 h6 11. Bh4 g5 12. Bg3 e5 13. Nf3 Nxb3 14. axb3 Be6
15. Nd2 b5 16. f3 O-O 17. Nd1 Nh5 18. Ne3 Ng7 19. Bf2 f5 20. c4 Qd7 21. Nd5
Bxd5 22. cxd5 f4 23. b4 Rfc8 24. Nb3 Bd8 25. Qd2 Rc4 26. Rfc1 g4 27. Qd3 Rac8
28. fxg4 Rxb4 29. h3 Ne8 30. Rxc8 Qxc8 31. Rc1 Qd7 32. Rc6 Nf6 33. Nd2 Rxb2 34.
Rxa6 Qc7 35. Rc6 Qa5 36. Rc2 Rxc2 37. Qxc2 Kg7 38. Kh2 Bb6 39. Nb3 Qa7 40. Bh4
Qc7 1/2-1/2

[Event "Gibraltar Masters 2019"]
[Site "Caleta ENG"]
[Date "2019.01.25"]
[Round "4"]
[White "So, Wesley"]
[Black "Maze, Sebastien"]
[Result "1-0"]
[WhiteElo "2765"]
[BlackElo "2596"]
[PlyCount "85"]
[EventDate "2019.01.22"]

1. e4 c5 2. Nf3 Nc6 3. Bb5 g6 4. Bxc6 bxc6 5. d4 Bg7 6. dxc5 Qa5+ 7. Nbd2 Ba6
8. a3 Qxc5 9. c4 Nh6 10. b4 Qh5 11. Rb1 f5 12. exf5 O-O 13. fxg6 Qxg6 14. Bb2
e5 15. O-O Rae8 16. Qb3 d6 17. Rfe1 Bc8 18. c5+ Be6 19. Qc3 Nf5 20. Qd3 Bd5 21.
cxd6 e4 22. Nxe4 Bxb2 23. Rxb2 Nxd6 24. Nc5 Qg7 25. Rxe8 Rxe8 26. Rb1 Nc4 27.
Nh4 Kh8 28. h3 Qf6 29. g3 Ne5 30. Qd4 Kg8 31. Qf4 Qxf4 32. gxf4 Nc4 33. a4 Kf7
34. Rd1 Nb2 35. Rb1 Nc4 36. Kh2 Re2 37. Kg3 Nd6 38. f3 Nc4 39. b5 Nd2 40. Rd1
h5 41. Nf5 cxb5 42. axb5 h4+ 43. Nxh4 1-0

[Event "Gibraltar Masters 2019"]
[Site "Caleta ENG"]
[Date "2019.01.25"]
[Round "4"]
[White "Naiditsch, Arkadij"]
[Black "Svane, Rasmus"]
[Result "1-0"]
[WhiteElo "2734"]
[BlackElo "2594"]
[PlyCount "131"]
[EventDate "2019.01.22"]

1. c4 c6 2. Nf3 d5 3. e3 Nf6 4. Nc3 a6 5. b3 Bf5 6. Be2 h6 7. Ba3 Nbd7 8. O-O
e6 9. Bxf8 Nxf8 10. b4 N8d7 11. Nd4 Bh7 12. cxd5 cxd5 13. Nb3 O-O 14. d4 Qe7
15. Nc5 a5 16. a3 axb4 17. axb4 b6 18. Na6 Rfc8 19. Rc1 Bf5 20. Qb3 h5 21. b5
Ne4 22. Nxe4 Bxe4 23. Rc6 Rd8 24. Rfc1 h4 25. f3 Bg6 26. Rc7 Qg5 27. Nb4 Nf8
28. Kf2 Rd7 29. Qc3 Rxc7 30. Qxc7 Ra3 31. Rc3 Rxc3 32. Qxc3 Qe7 33. Nc6 Qc7 34.
Kg1 Qd6 35. Qa1 Qc7 36. Qe1 h3 37. gxh3 Bf5 38. Qg3 Qb7 39. Qd6 Qa8 40. Ne7+
Kh7 41. Kf2 Ng6 42. Nxg6 fxg6 43. Qxb6 Qa2 44. Qa6 Qd2 45. b6 e5 46. Qa4 Qb2
47. dxe5 Bd3 48. Qd1 Bxe2 49. Qxe2 Qxb6 50. Kg2 Qb8 51. f4 Qb1 52. h4 Kh6 53.
Qf3 Qc2+ 54. Kg3 Qc6 55. f5 gxf5 56. Qxf5 Qc1 57. Qf4+ Kh7 58. e6 Qg1+ 59. Kh3
Qg6 60. Qe5 Qd3 61. Qh5+ Kg8 62. Qf3 Qa3 63. Kg4 Kh7 64. Qf5+ Kh8 65. Qh5+ Kg8
66. Qxd5 1-0

[Event "Gibraltar Masters 2019"]
[Site "Caleta ENG"]
[Date "2019.01.25"]
[Round "4"]
[White "Lagarde, Maxime"]
[Black "Vitiugov, Nikita"]
[Result "1/2-1/2"]
[WhiteElo "2604"]
[BlackElo "2720"]
[PlyCount "84"]
[EventDate "2019.01.22"]

1. e4 e5 2. Nf3 Nc6 3. Bb5 a6 4. Ba4 Nf6 5. Nc3 Be7 6. Bxc6 dxc6 7. d3 Nd7 8.
Be3 O-O 9. O-O Re8 10. Qe2 c5 11. a4 b6 12. Nd2 Nf8 13. Nc4 Ng6 14. Qh5 Bf8 15.
g3 Bd7 16. f4 exf4 17. gxf4 f5 18. exf5 Nh4 19. f6 Qxf6 20. Ne5 Bc6 21. Ne4
Bxe4 22. dxe4 Ng6 23. Nxg6 hxg6 24. Qd5+ Qf7 25. Qxf7+ Kxf7 26. e5 Be7 27. c4
Rh8 28. Kg2 Ke6 29. Bf2 Rhf8 30. Bg3 Rfd8 31. Rfd1 Rd4 32. Rxd4 cxd4 33. Kf3 d3
34. Ke4 Rd8 35. Rd1 d2 36. Bf2 Bb4 37. Be3 a5 38. h4 Kf7 39. Kf3 Rd3 40. Ke4
Rd8 41. Kf3 Rd3 42. Ke4 Rd8 1/2-1/2

[Event "Gibraltar Masters 2019"]
[Site "Caleta ENG"]
[Date "2019.01.25"]
[Round "4"]
[White "Le, Quang Liem"]
[Black "Peralta, Fernando"]
[Result "1/2-1/2"]
[WhiteElo "2714"]
[BlackElo "2580"]
[PlyCount "214"]
[EventDate "2019.01.22"]

1. c4 Nf6 2. Nc3 e6 3. e4 d5 4. cxd5 exd5 5. e5 Ne4 6. Nf3 Nc6 7. Bb5 Be7 8.
O-O O-O 9. d4 Bg4 10. h3 Bh5 11. Be3 f6 12. exf6 Bxf6 13. Be2 Kh8 14. Re1 Qd6
15. Nd2 Bg6 16. Bf3 Rae8 17. Nb3 Nb4 18. Re2 Bh4 19. Bxe4 dxe4 20. Rd2 Nd3 21.
Nc5 Qe7 22. g3 Bxg3 23. fxg3 Rf3 24. Nxd3 Rxg3+ 25. Kh2 Rxe3 26. Nf4 Qd6 27.
Rf2 Rf8 28. Nb5 Rxf4 29. Nxd6 Rxf2+ 30. Kg1 Ree2 31. Qb3 Rg2+ 32. Kh1 Rh2+ 33.
Kg1 Reg2+ 34. Kf1 Rxb2 35. Kg1 Rbg2+ 36. Kf1 Rb2 37. Kg1 Rxb3 38. axb3 Rxh3 39.
Rxa7 h5 40. Nxb7 Rxb3 41. Nc5 Rc3 42. Rxc7 Bf5 43. Re7 e3 44. Kg2 h4 45. Ne4
h3+ 46. Kg3 Ra3 47. Ng5 g6 48. Kf4 Kg8 49. Nf3 Kf8 50. Re5 Kg7 51. Re7+ Kf6 52.
Rc7 g5+ 53. Nxg5 e2 54. Rc6+ Kg7 55. Rc1 Rd3 56. Kxf5 Rd1 57. Rc7+ Kf8 58. Ne6+
Ke8 59. Ng7+ Kd8 60. Ne6+ Ke8 61. Ng7+ Kf8 62. Ne6+ Kg8 63. Rc8+ Kh7 64. Ng5+
Kh6 65. Rc6+ Kh5 66. Nxh3 Rf1+ 67. Nf4+ Rxf4+ 68. Kxf4 e1=Q 69. d5 Qd2+ 70. Ke5
Qe3+ 71. Kd6 Kg5 72. Kd7 Qa7+ 73. Ke6 Qe3+ 74. Kd7 Qa7+ 75. Ke6 Qb7 76. Rc5
Qb6+ 77. Rc6 Qb7 78. Rc5 Qb4 79. Rc7 Qe4+ 80. Kd6 Kf6 81. Rb7 Qc4 82. Rh7 Qb4+
83. Kc6 Qa4+ 84. Kd6 Qa6+ 85. Kc5 Qa3+ 86. Kc6 Qc1+ 87. Kd6 Kf5 88. Re7 Qa3+
89. Kd7 Qa7+ 90. Kd6 Qb6+ 91. Kd7 Qb5+ 92. Kd6 Qb4+ 93. Kd7 Kf6 94. Re6+ Kf7
95. Kc6 Qa3 96. Kb5 Qc3 97. Rc6 Qd4 98. Rc7+ Kf6 99. d6 Ke6 100. d7 Ke7 101.
Rb7 Qd6 102. Ra7 Qd5+ 103. Kb6 Qd4+ 104. Ka6 Kd8 105. Rb7 Qc5 106. Rb8+ Kxd7
107. Rb7+ Qc7 1/2-1/2

[Event "Gibraltar Masters 2019"]
[Site "Caleta ENG"]
[Date "2019.01.25"]
[Round "4"]
[White "Ju, Wenjun"]
[Black "Ivanchuk, Vassily"]
[Result "1/2-1/2"]
[WhiteElo "2575"]
[BlackElo "2713"]
[PlyCount "165"]
[EventDate "2019.01.22"]

1. d4 d5 2. c4 e6 3. Nf3 c6 4. Nbd2 f5 5. g3 Nd7 6. b3 b6 7. Bg2 Bb7 8. Bb2 Bd6
9. Ne5 Ngf6 10. e3 O-O 11. f4 c5 12. O-O Qc7 13. Qe2 dxc4 14. Ndxc4 Be7 15.
Nxd7 Nxd7 16. e4 cxd4 17. exf5 Bc5 18. Qd3 Bxg2 19. Kxg2 Qc6+ 20. Qf3 Qxf3+ 21.
Rxf3 Rxf5 22. Re1 b5 23. Nd2 Bb4 24. Rd3 Rc8 25. a3 Nc5 26. Rxd4 Bxd2 27. Rxd2
Nxb3 28. Rde2 Rd5 29. Rxe6 Rc2+ 30. R1e2 Rxe2+ 31. Rxe2 Na5 32. Bc3 Nc6 33.
Re8+ Kf7 34. Rc8 Nd4 35. Rc7+ Kg6 36. Rxa7 h5 37. Ra6+ Kf7 38. Kf2 Nf5 39. Rc6
Rd3 40. Rc5 Kg6 41. Rc7 Kh6 42. Rc8 Kg6 43. Rc5 Re3 44. Bxg7 Rxa3 45. Bb2 Rb3
46. Be5 b4 47. Rc6+ Kh7 48. Rc7+ Kg6 49. Rc6+ Kh7 50. Rc8 Ra3 51. Rh8+ Kg6 52.
Rg8+ Kh6 53. Rb8 Ra2+ 54. Kg1 Ne3 55. Bd4 Ng4 56. h3 Nh2 57. Bf2 Rb2 58. Rb6+
Kh7 59. Rb5 Kh6 60. Rb6+ Kh7 61. f5 Nf3+ 62. Kg2 Ng5 63. Rb7+ Kg8 64. Kf1 Rb1+
65. Ke2 Rb2+ 66. Ke3 Rb3+ 67. Kd4 Rf3 68. Be3 Rxf5 69. h4 Ne6+ 70. Ke4 Nc5+ 71.
Bxc5 Rxc5 72. Rxb4 Kf7 73. Kf4 Ra5 74. Re4 Kf6 75. Rd4 Rf5+ 76. Ke4 Re5+ 77.
Kf3 Rf5+ 78. Rf4 Ke6 79. Ke3 Re5+ 80. Kf3 Rf5 81. Kg2 Ke5 82. Rb4 Kf6 83. Rb6+
1/2-1/2

[Event "Gibraltar Masters 2019"]
[Site "Caleta ENG"]
[Date "2019.01.25"]
[Round "4"]
[White "Artemiev, Vladislav"]
[Black "Vaibhav, Suri"]
[Result "1-0"]
[WhiteElo "2709"]
[BlackElo "2590"]
[PlyCount "97"]
[EventDate "2019.01.22"]

1. e4 e6 2. d4 d5 3. Nc3 Nf6 4. Bg5 dxe4 5. Nxe4 Be7 6. Bxf6 gxf6 7. Qd2 a6 8.
O-O-O b5 9. Qe3 Bb7 10. c4 bxc4 11. Bxc4 f5 12. Nc3 Qd6 13. d5 e5 14. Nf3 Nd7
15. Rhe1 f6 16. Nh4 Qb4 17. Qe2 Nb6 18. Qh5+ Kd8 19. Be2 Bc8 20. Nxf5 Qf4+ 21.
Ne3 f5 22. g3 Qg5 23. d6 cxd6 24. Rxd6+ Kc7 25. Rh6 Bb7 26. Re6 Qxh5 27. Bxh5
Bb4 28. Rxe5 f4 29. Nc2 Bd6 30. Rg5 Rhg8 31. Nd4 Rxg5 32. Ne6+ Kd7 33. Nxg5
fxg3 34. hxg3 Nd5 35. Nxh7 Nxc3 36. bxc3 Bc5 37. Nf6+ Kc7 38. Re5 Ba3+ 39. Kc2
Rf8 40. Ne8+ Kd8 41. f4 Rg8 42. g4 Bc6 43. Nf6 Rf8 44. g5 Bd6 45. g6 Bxe5 46.
fxe5 Ke7 47. g7 Be4+ 48. Nxe4 Rg8 49. Nd6 1-0

[Event "Gibraltar Masters 2019"]
[Site "Caleta ENG"]
[Date "2019.01.25"]
[Round "4"]
[White "Lagno, Kateryna"]
[Black "Adams, Michael"]
[Result "0-1"]
[WhiteElo "2560"]
[BlackElo "2701"]
[PlyCount "116"]
[EventDate "2019.01.22"]

1. e4 e5 2. Nf3 Nc6 3. Bb5 Nf6 4. O-O Nxe4 5. d4 Nd6 6. dxe5 Nxb5 7. a4 Nbd4 8.
Nxd4 d6 9. exd6 Bxd6 10. Nb5 Be5 11. f4 Bd4+ 12. Nxd4 Qxd4+ 13. Qxd4 Nxd4 14.
Na3 Be6 15. Be3 O-O-O 16. Rad1 Nf5 17. Bf2 a6 18. Rfe1 h5 19. Nb1 Bd7 20. Nc3
Bc6 21. b3 h4 22. Rxd8+ Rxd8 23. Kf1 f6 24. Rd1 Rxd1+ 25. Nxd1 Be4 26. c3 Bc2
27. Ne3 Nxe3+ 28. Bxe3 b6 29. b4 Bxa4 30. Bf2 Bb5+ 31. Ke1 Bc6 32. Bxh4 Bxg2
33. Kd2 Kd7 34. Bg3 Bf1 35. Kc2 Kc6 36. Kd2 Kd5 37. Kc2 Bc4 38. Kd2 Bb5 39. Kc2
Bd7 40. Kb3 Bf5 41. c4+ Kd4 42. Bf2+ Kd3 43. c5 b5 44. Bg3 c6 45. Bf2 Be6+ 46.
Kb2 Kc4 47. Be1 Bc8 48. Ka3 a5 49. bxa5 Kxc5 50. Bb4+ Kc4 51. Bf8 g6 52. Be7 f5
53. h4 c5 54. Kb2 b4 55. Bd6 Kb5 56. Kc2 c4 57. Bc7 Bb7 58. Kb2 c3+ 0-1

[Event "Gibraltar Masters 2019"]
[Site "Caleta ENG"]
[Date "2019.01.25"]
[Round "4"]
[White "Yu, Yangyi"]
[Black "Werle, Jan"]
[Result "1-0"]
[WhiteElo "2764"]
[BlackElo "2541"]
[PlyCount "105"]
[EventDate "2019.01.22"]

1. e4 e6 2. d4 d5 3. e5 c5 4. c3 Nc6 5. Nf3 Qb6 6. a3 Bd7 7. b4 cxd4 8. cxd4
Rc8 9. Be3 Nh6 10. Bd3 Ng4 11. O-O Be7 12. Nbd2 Nxe3 13. fxe3 O-O 14. Nb3 Nb8
15. Qe2 a6 16. Nc5 Bb5 17. Bxb5 axb5 18. Rfc1 Qc6 19. Qf1 Nd7 20. a4 bxa4 21.
Nxa4 Qa6 22. Qxa6 bxa6 23. Rxc8 Rxc8 24. Nc5 Nb8 25. Ne1 Bf8 26. Ned3 Rc6 27.
Kf2 Rb6 28. Ke2 h5 29. Kd2 Be7 30. Kc3 Kf8 31. e4 dxe4 32. Nxe4 Ke8 33. Nec5 f6
34. Kc4 h4 35. Re1 Kf7 36. Rf1 Ke8 37. Nf4 fxe5 38. Nfxe6 Nc6 39. Nc7+ Kd8 40.
Nd5 Rb8 41. Rf7 exd4 42. Rxg7 Ne5+ 43. Kxd4 Bxc5+ 44. Kxe5 Bf8 45. Rh7 Rc8 46.
Rxh4 Rc2 47. Rg4 Kd7 48. Rg6 Re2+ 49. Kd4 Bd6 50. h4 Rd2+ 51. Kc4 Be5 52. h5
Rd4+ 53. Kc5 1-0

[Event "Gibraltar Masters 2019"]
[Site "Caleta ENG"]
[Date "2019.01.25"]
[Round "4"]
[White "Nakamura, Hikaru"]
[Black "Gavrilescu, David"]
[Result "1-0"]
[WhiteElo "2749"]
[BlackElo "2479"]
[PlyCount "115"]
[EventDate "2019.01.22"]

1. d4 Nf6 2. c4 e6 3. Nf3 d5 4. Nc3 Bb4 5. Qa4+ Nc6 6. e3 O-O 7. Qc2 dxc4 8.
Bxc4 Bd6 9. O-O e5 10. h3 a6 11. a3 h6 12. Rd1 exd4 13. exd4 Ne7 14. Ne5 Be6
15. Bxe6 fxe6 16. Bf4 Qe8 17. Re1 Nfd5 18. Bh2 Bxe5 19. Bxe5 Qf7 20. Ne4 Nc6
21. Nc5 b6 22. Nd3 Nxe5 23. Nxe5 Qf5 24. Rac1 Rad8 25. h4 Nf4 26. Qxf5 exf5 27.
Rxc7 Rfe8 28. Rc6 Rxd4 29. Rxb6 Rd5 30. g3 Rdxe5 31. Rxe5 Rxe5 32. gxf4 Ra5 33.
h5 Ra4 34. Kg2 Kf7 35. Kf3 Ke7 36. Rb7+ Kf6 37. Rb6+ Ke7 38. Kg3 Kf7 39. f3 Ke7
40. Rg6 Kf7 41. Kf2 Ra5 42. Rb6 Ra4 43. Ke3 Ke7 44. Rb7+ Kf6 45. Rc7 Ra5 46.
Rc4 Ke6 47. a4 Ke7 48. b3 Kd6 49. Rc8 Rd5 50. Rd8+ Kc6 51. Rxd5 Kxd5 52. Kd3 a5
53. Kc3 g6 54. hxg6 Ke6 55. b4 axb4+ 56. Kxb4 h5 57. g7 Kf7 58. a5 1-0

[Event "Gibraltar Masters 2019"]
[Site "Caleta ENG"]
[Date "2019.01.25"]
[Round "4"]
[White "Mamedov, Rauf"]
[Black "Harika, Dronavalli"]
[Result "1/2-1/2"]
[WhiteElo "2703"]
[BlackElo "2471"]
[PlyCount "68"]
[EventDate "2019.01.22"]

1. e4 c5 2. Nf3 d6 3. d4 cxd4 4. Nxd4 Nf6 5. Nc3 a6 6. Bg5 e6 7. f4 Qb6 8. Qd3
Qxb2 9. Rb1 Qa3 10. f5 Be7 11. fxe6 fxe6 12. Be2 Qa5 13. Bd2 Qc7 14. g4 h6 15.
Rf1 O-O 16. h4 Nh7 17. Rh1 Nc6 18. Nxc6 bxc6 19. g5 Kh8 20. e5 d5 21. g6 Qxe5
22. gxh7 Qf6 23. Qg3 e5 24. Kd1 Bf5 25. Rb6 e4 26. Rf1 Qe6 27. Na4 d4 28. Rb7
d3 29. cxd3 exd3 30. Bxd3 Bxd3 31. Rxf8+ Bxf8 32. Qxd3 Qg4+ 33. Kc1 Qxa4 34.
Bc3 Qg4 1/2-1/2

[Event "Tata Steel Masters 2019"]
[Site "Wijk aan Zee NED"]
[Date "2019.01.25"]
[Round "11"]
[White "Radjabov, Teimour"]
[Black "Carlsen, Magnus"]
[Result "1/2-1/2"]
[WhiteElo "2757"]
[BlackElo "2835"]
[PlyCount "49"]
[EventDate "2019.01.12"]

1. e4 c5 2. Nf3 Nc6 3. d4 cxd4 4. Nxd4 Nf6 5. Nc3 e5 6. Ndb5 d6 7. Bg5 a6 8.
Na3 b5 9. Nd5 Be7 10. Bxf6 Bxf6 11. c3 O-O 12. Nc2 Rb8 13. Be2 Bg5 14. O-O Kh8
15. a3 Ne7 16. Ncb4 Nxd5 17. Nxd5 Be6 18. Qd3 Qc8 19. Rad1 a5 20. Qg3 h6 21. h3
Qc6 22. Qd3 Qd7 23. Qg3 Qc6 24. Qd3 Qd7 25. Qg3 1/2-1/2

[Event "Tata Steel Masters 2019"]
[Site "Wijk aan Zee NED"]
[Date "2019.01.25"]
[Round "11"]
[White "Anand, Viswanathan"]
[Black "Duda, Jan-Krzysztof"]
[Result "1/2-1/2"]
[WhiteElo "2773"]
[BlackElo "2738"]
[PlyCount "61"]
[EventDate "2019.01.12"]

1. e4 e5 2. Nf3 Nf6 3. Nxe5 d6 4. Nf3 Nxe4 5. d4 d5 6. Bd3 Bd6 7. O-O O-O 8. c4
c6 9. Re1 Bf5 10. Qb3 Qd7 11. Nc3 Nxc3 12. Bxf5 Qxf5 13. bxc3 b6 14. Bg5 f6 15.
Bh4 dxc4 16. Qxc4+ Qd5 17. Qe2 b5 18. a4 a6 19. Bg3 Bxg3 20. hxg3 Nd7 21. Qe6+
Qxe6 22. Rxe6 Rfc8 23. Rd6 Nb6 24. axb5 axb5 25. Rxa8 Nxa8 26. d5 cxd5 27. Nd4
h5 28. Rxd5 Nb6 29. Rxb5 Na4 30. Nf5 Nxc3 31. Ne7+ 1/2-1/2

[Event "Tata Steel Masters 2019"]
[Site "Wijk aan Zee NED"]
[Date "2019.01.25"]
[Round "11"]
[White "Nepomniachtchi, Ian"]
[Black "Fedoseev, Vladimir3"]
[Result "1-0"]
[WhiteElo "2763"]
[BlackElo "2724"]
[PlyCount "99"]
[EventDate "2019.01.12"]

1. e4 c6 2. d4 d5 3. e5 Bf5 4. Nf3 e6 5. c3 h6 6. Be2 Ne7 7. Nbd2 a5 8. a4 Nd7
9. O-O g5 10. Ne1 Qb6 11. Nd3 Bg7 12. Nb3 O-O 13. Nbc5 Nxc5 14. Nxc5 Qc7 15. f4
gxf4 16. Bxf4 b6 17. Nd3 c5 18. Qd2 Kh7 19. Be3 Rac8 20. dxc5 bxc5 21. Bxc5
Rfe8 22. Kh1 Ng6 23. Bd4 Nxe5 24. Nxe5 Bxe5 25. Bxe5 Qxe5 26. Bd3 Bxd3 27.
Qxd3+ f5 28. Rae1 Qg7 29. Qa6 Ra8 30. Qd6 Rad8 31. Qc5 Ra8 32. Re2 Qd7 33. Rfe1
Ra6 34. h3 Rg8 35. b4 axb4 36. cxb4 d4 37. b5 Rd6 38. b6 d3 39. Rd2 Rd5 40. Qb4
e5 41. Rc1 Rd4 42. Qa5 Rxa4 43. Qxe5 Re4 44. Qf6 Rg6 45. Rxd3 Rxf6 46. Rxd7+
Kg6 47. Rb1 Rfe6 48. Rdd1 Re8 49. b7 Rb8 50. Rd7 1-0